| 000 | 00768cam a22002651 4500 | ||
|---|---|---|---|
| 999 |
_c3086 _d3086 |
||
| 001 | 7420800 | ||
| 003 | GBCCL | ||
| 005 | 20241126110446.0 | ||
| 008 | 720831s1949 xx 000 0 eng | ||
| 010 | _a 49011229 | ||
| 035 | _a(OCoLC)396849 | ||
| 040 |
_aDLC _cOKentU _dDLC |
||
| 042 | _apremarc | ||
| 050 | 0 | 0 |
_aBV4315 _b.H276 |
| 082 |
_a252.53 _bHAL |
||
| 100 | 1 |
_aHallock, G. B. F. _q(Gerard Benjamin Fleet), _d1856- _96397 |
|
| 245 | 1 | 0 |
_a210 more choice sermons for children; _ba source book of suggestion. |
| 250 | _a[1st ed. | ||
| 260 |
_aNew York] _bHarper _c[1949] |
||
| 300 |
_a305 p. _c21 cm. |
||
| 650 | 0 |
_aChildren's sermons. _96398 |
|
| 650 | 0 |
_aSermons, American. _9270 |
|
| 906 |
_a7 _bcbc _coclcrpl _du _encip _f19 _gy-gencatlg |
||
| 942 |
_2ddc _cBK _02 |
||